Systémy ERP v regióne strednej a východnej Európy
Ekonomická kríza vážne zasiahla trh s produktami používanými na riadenie a plánovanie podnikových zdrojov (ERP). Prejavilo sa to predovšetkým na predaji licencií a súvisiacich služieb. Dopad krízy sa prejavil dokonca aj v oblasti údržby systémov, ktoré tradične patria medzi najstabilnejšie v oblasti...
Gespeichert in:
| 1. Verfasser: | |
|---|---|
| Format: | Buchkapitel |
| Sprache: | Slowakisch |
| Schlagworte: | |
| Tags: |
Keine Tags, Fügen Sie das erste Tag hinzu!
|
MARC
| LEADER | 00000naa a2200000 4500 | ||
|---|---|---|---|
| 001 | 0129587 | ||
| 005 | 20230929121022.6 | ||
| 041 | 0 | |a slo | |
| 044 | |a SK | ||
| 245 | 1 | 0 | |a Systémy ERP v regióne strednej a východnej Európy |c Madalin Dobre |
| 520 | |a Ekonomická kríza vážne zasiahla trh s produktami používanými na riadenie a plánovanie podnikových zdrojov (ERP). Prejavilo sa to predovšetkým na predaji licencií a súvisiacich služieb. Dopad krízy sa prejavil dokonca aj v oblasti údržby systémov, ktoré tradične patria medzi najstabilnejšie v oblasti ERP, najmä v segmente malých a stredných podnikov. | ||
| 610 | 2 | 0 | |a systémy riadenia |
| 610 | 2 | 0 | |a podnik malý |
| 610 | 2 | 0 | |a podnik stredný |
| 610 | 2 | 0 | |a stredná Európa |
| 610 | 2 | 0 | |a východná Európa |
| 610 | 2 | 0 | |a technológie informačné |
| 610 | 2 | 0 | |a zdroje podnikové |
| 610 | 2 | 0 | |a zákazky |
| 610 | 2 | 0 | |a licencie |
| 100 | 1 | |a Dobre, Madalin | |